000 00841nam a22002537a 4500
005 20140612124533.0
010 _aENG-110190
020 _a9788120349728
_c595.00
035 _aEN-93722
037 _bDBAD/PUB
082 _a004.6782076
100 _aRyan, William
245 _a Exam ref 70-487 :
_cby William Ryan, Wouter De Kort [and] Shane Milton
_bdeveloping Windows Azure and web services /
260 _aDelhi
_bPHI Learning
_c2014
270 _aRimjhim House, 111, Patparganj Industrial Estae
_bDelhi
_e110092
300 _axvii,456p.:
_c24cm(pbk)
_bill
500 _aIncludes index
650 _aCloud computing.
650 _a Web services.
650 _aMicrosoft software
_xExaminations
_vStudy guides.
700 _aKort, Wouter De
700 _aMilton,Shane
942 _2ddc
_cEN
_mRYA
_h004.6782076
999 _c85038
_d85038